[Event "ROM-ch (Women)"]
[Site "Sebes"]
[Date "2023.02.19"]
[Round "1"]
[White "Lolici, Iselin Amanda"]
[Black "Peptan, Corina Isabela"]
[Result "0-1"]
[WhiteElo "1847"]
[BlackElo "2351"]
[PlyCount "80"]
[EventDate "2023.02.19"]
[EventType "swiss"]
[EventRounds "9"]
[EventCountry "ROU"]
[SourceTitle "CBM 212 Extra"]
[Source "ChessBase"]
[SourceDate "2023.03.31"]
[SourceVersion "1"]
[SourceVersionDate "2023.03.31"]
[SourceQuality "1"]

1. c4 b6 2. Nc3 Bb7 3. e4 c5 4. d3 Nc6 5. g3 g6 6. Bg2 Bg7 7. Nge2 d6 8. 0-0 Nf6 9. h3 Nd7 10. Be3 a6 11. Qd2 Nd4 12. Bh6 0-0 13. Bxg7 Kxg7 14. f4 f5 15. g4 Qc8 16. Nxd4 cxd4 17. Ne2 fxg4 18. Nxd4 Nc5 19. f5 e5 20. fxe6 Nxe6 21. Rxf8 Nxf8 22. Qf4 Qc5 23. Qe3 gxh3 24. Bxh3 Bc8 25. Bxc8 Rxc8 26. Rf1 Re8 27. Qf2 Qg5+ 28. Kh1 Qh5+ 29. Kg1 Qg5+ 30. Kh1 Qe7 31. Nc6 Qd7 32. Kh2 Ne6 33. Qxb6 Nc5 34. b4 Nxd3 35. Qd4+ Ne5 36. Nxe5 Rxe5 37. Rd1 Qe7 38. Qxd6 Qh4+ 39. Kg1 Rg5+ 40. Kf1 Qh3+ 0-1

[Event "ROM-ch blitz (Women)"]
[Site "Bucharest"]
[Date "2022.03.13"]
[Round "1"]
[White "Stefan, Iulia Cristiana"]
[Black "Lolici, Iselin Amanda"]
[Result "1-0"]
[WhiteElo "1344"]
[BlackElo "1888"]
[PlyCount "43"]
[EventDate "2022.03.13"]
[EventType "swiss (blitz)"]
[EventRounds "9"]
[EventCountry "ROU"]
[SourceTitle "EXT 2023"]
[Source "ChessBase"]
[SourceDate "2022.10.05"]
[SourceVersion "1"]
[SourceVersionDate "2022.10.05"]
[SourceQuality "1"]

1. e4 c5 2. Nc3 a6 3. g3 g6 4. Bg2 Bg7 5. d3 Nc6 6. Nh3 e6 7. 0-0 Nge7 8. Be3 d6 9. Qd2 0-0 10. Bh6 b5 11. Bxg7 Kxg7 12. f4 b4 13. Nd1 a5 14. Ne3 Rb8 15. f5 exf5 16. exf5 Nxf5 17. Nxf5+ Bxf5 18. Rxf5 gxf5 19. Bxc6 d5 20. Nf4 d4 21. Rf1 Qf6 22. Nh5+ 1-0

[Event "ROM-ch Rapid (Women)"]
[Site "Bucharest"]
[Date "2022.03.12"]
[Round "6"]
[White "Lolici, Iselin Amanda"]
[Black "Sgircea, Silvia Raluca"]
[Result "1-0"]
[WhiteElo "1907"]
[BlackElo "2238"]
[PlyCount "103"]
[EventDate "2022.03.11"]
[EventType "swiss (rapid)"]
[EventRounds "9"]
[EventCountry "ROU"]
[SourceTitle "CBM 207 Extra"]
[Source "ChessBase"]
[SourceDate "2022.05.31"]
[SourceVersion "1"]
[SourceVersionDate "2022.05.31"]
[SourceQuality "1"]

1. c4 c5 2. Nc3 g6 3. g3 Bg7 4. Bg2 Nc6 5. Rb1 d6 6. a3 Bf5 7. e4 Be6 8. d3 Qd7 9. Be3 Nd4 10. Nd5 Nf6 11. Nf4 Bg4 12. f3 Be6 13. Nxe6 Nxe6 14. Ne2 0-0 15. 0-0 Rac8 16. Qd2 Ne8 17. b4 Nd4 18. Nxd4 cxd4 19. Bh6 Bxh6 20. Qxh6 Nf6 21. Bh3 e6 22. f4 Qe7 23. Rbe1 Rce8 24. e5 Nd7 25. Re4 a5 26. Rxd4 dxe5 27. fxe5 Nxe5 28. Rh4 f5 29. Qe3 Qg7 30. c5 Nf7 31. Rd4 axb4 32. axb4 Re7 33. Bg2 e5 34. Rc4 Nd8 35. b5 Ne6 36. Bd5 Kh8 37. Bxe6 Rxe6 38. d4 Qd7 39. c6 bxc6 40. bxc6 Qd5 41. Rfc1 f4 42. Qa3 Ree8 43. c7 fxg3 44. Qxg3 Qb7 45. dxe5 Qb6+ 46. Kh1 Rc8 47. e6 Qxe6 48. Rc6 Qe4+ 49. Qg2 Qe5 50. R6c5 Qd4 51. R5c4 Rxc7 52. Rxc7 1-0

[Event "ROM-ch (Women)"]
[Site "Eforie Nord"]
[Date "2022.02.24"]
[Round "6"]
[White "Hoanca, Alexia Ioana"]
[Black "Lolici, Iselin Amanda"]
[Result "1-0"]
[WhiteElo "1710"]
[BlackElo "1907"]
[PlyCount "73"]
[EventDate "2022.02.20"]
[EventType "swiss"]
[EventRounds "9"]
[EventCountry "ROU"]
[SourceTitle "CBM 207 Extra"]
[Source "ChessBase"]
[SourceDate "2022.05.31"]
[SourceVersion "1"]
[SourceVersionDate "2022.05.31"]
[SourceQuality "1"]

1. e4 c5 2. Nf3 d6 3. d4 cxd4 4. Nxd4 Nf6 5. Nc3 g6 6. Be2 Bg7 7. Bg5 a6 8. a4 Nc6 9. Nb3 Be6 10. 0-0 0-0 11. Kh1 Na5 12. Nd4 Bc4 13. f4 e5 14. Nb3 Bxe2 15. Qxe2 Nxb3 16. cxb3 h6 17. Bxf6 Bxf6 18. f5 Kg7 19. Nd5 g5 20. Rad1 Rc8 21. b4 h5 22. b5 a5 23. Rd3 Rh8 24. Qd2 Rh6 25. Rc3 Rc5 26. Rxc5 dxc5 27. b6 Qd6 28. Qxa5 Bd8 29. Qa7 Bxb6 30. Qxb7 Bd8 31. Qb5 g4 32. f6+ Bxf6 33. Ne3 Qd2 34. Nf5+ Kg6 35. Nxh6 Qxh6 36. Qc6 Kg7 37. Qxf6+ 1-0

[Event "Arad op-A 14th"]
[Site "Arad"]
[Date "2021.07.30"]
[Round "1"]
[White "Trifan, Andrei Ioan"]
[Black "Lolici, Iselin Amanda"]
[Result "1-0"]
[WhiteElo "2226"]
[BlackElo "1917"]
[PlyCount "43"]
[EventDate "2021.07.30"]
[EventType "swiss"]
[EventRounds "9"]
[EventCountry "ROU"]
[SourceTitle "CBM 203 Extra"]
[Source "ChessBase"]
[SourceDate "2021.09.30"]
[SourceVersion "1"]
[SourceVersionDate "2021.09.30"]
[SourceQuality "1"]

1. e4 c5 2. Nf3 Nc6 3. d4 cxd4 4. Nxd4 Nf6 5. Nc3 g6 6. Nxc6 bxc6 7. e5 Ng8 8. Bc4 Bg7 9. Qf3 f5 10. Bf4 e6 11. 0-0-0 Qc7 12. h4 Rb8 13. h5 Rb4 14. b3 g5 15. Bxg5 Qxe5 16. Bd2 Ne7 17. h6 Bf6 18. Rhe1 Qd4 19. Qh5+ Kf8 20. Bxe6 dxe6 21. Be3 Qxd1+ 22. Rxd1 1-0

[Event "ENG-ch rapid (Women)"]
[Site "London"]
[Date "2019.12.07"]
[Round "7"]
[White "Sheikh, Anum"]
[Black "Lolici, Iselin Amanda"]
[Result "1-0"]
[WhiteElo "1685"]
[BlackElo "1929"]
[PlyCount "48"]
[EventDate "2019.12.07"]
[EventType "swiss (rapid)"]
[EventRounds "7"]
[EventCountry "ENG"]
[SourceTitle "CBM 195 Extra"]
[Source "ChessBase"]
[SourceDate "2020.05.31"]
[SourceVersion "1"]
[SourceVersionDate "2020.05.31"]
[SourceQuality "1"]

1. e4 c5 2. Nf3 Nc6 3. d4 cxd4 4. Nxd4 Nf6 5. Nc3 g6 6. Nb3 Bg7 7. Be2 0-0 8. 0-0 d6 9. Bg5 a6 10. a4 b6 11. f4 Bb7 12. Bf3 b5 13. axb5 Qb6+ 14. Kh1 axb5 15. Rxa8 Rxa8 16. Bxf6 exf6 17. Qxd6 Bf8 18. Qxf6 Bg7 19. Nd5 Bxf6 20. Nxb6 Rd8 21. c3 Ne7 22. Nc5 Bc8 23. Nxc8 Rxc8 24. Nb3 Bg7 1-0

[Event "ROM-chT (Women)"]
[Site "Mamaia"]
[Date "2015.10.06"]
[Round "4.2"]
[White "Dragomirescu, Angela"]
[Black "Lolici, Iselin Amanda"]
[Result "1/2-1/2"]
[WhiteElo "2198"]
[BlackElo "1932"]
[PlyCount "87"]
[EventDate "2015.10.03"]
[EventType "team-tourn"]
[EventRounds "9"]
[EventCountry "ROU"]
[SourceTitle "CBM 168 Extra"]
[Source "ChessBase"]
[SourceDate "2015.10.29"]
[SourceVersion "1"]
[SourceVersionDate "2015.10.29"]
[SourceQuality "1"]
[WhiteTeam "Timisoara Medicina (W)"]
[BlackTeam "Lugoj CSM (W)"]
[WhiteTeamCountry "ROU"]
[BlackTeamCountry "ROU"]

1. d4 Nf6 2. c4 g6 3. Nc3 Bg7 4. e4 d6 5. Nf3 0-0 6. Be2 Nbd7 7. 0-0 e5 8. Be3 Qe7 9. Qc2 c6 10. d5 c5 11. Nh4 Ne8 12. g3 Nc7 13. a3 f6 14. b4 b6 15. Rab1 Qf7 16. Bg4 h5 17. Be6 Nxe6 18. dxe6 Qxe6 19. Nxg6 Rf7 20. Nd5 Nf8 21. Nh4 Qh3 22. Nf5 Bxf5 23. exf5 Nd7 24. Qe4 Rc8 25. b5 Bf8 26. f3 Kh7 27. Rb2 Bh6 28. Rg2 Rg8 29. Bxh6 Kxh6 30. Ne3 Nf8 31. Rd1 Nh7 32. Rxd6 Ng5 33. Qc6 Rgf8 34. Kf2 h4 35. Ng4+ Kg7 36. f4 Qxg4 37. fxg5 Qxf5+ 38. Qf3 fxg5 39. Qxf5 Rxf5+ 40. Ke3 Rf3+ 41. Ke4 Rxa3 42. gxh4 Rf4+ 43. Kxe5 Rxh4 44. Rxg5+ 1/2-1/2

[Event "ROM-ch (Women)"]
[Site "Calimanesti"]
[Date "2015.04.23"]
[Round "6"]
[White "Lolici, Iselin Amanda"]
[Black "Erhan, Raluca"]
[Result "0-1"]
[WhiteElo "1934"]
[BlackElo "2044"]
[PlyCount "102"]
[EventDate "2015.04.18"]
[EventType "swiss"]
[EventRounds "9"]
[EventCountry "ROU"]
[SourceTitle "CBM 166 Extra"]
[Source "ChessBase"]
[SourceDate "2015.06.18"]
[SourceVersion "1"]
[SourceVersionDate "2015.06.18"]
[SourceQuality "1"]

1. c4 g6 2. g3 Bg7 3. Bg2 e5 4. Nc3 d6 5. e4 Nc6 6. d3 f5 7. Nge2 Nf6 8. Nd5 0-0 9. 0-0 fxe4 10. dxe4 Bg4 11. h3 Bxe2 12. Qxe2 Nd4 13. Qd1 Nd7 14. Qg4 c6 15. Bg5 Nf6 16. Nxf6+ Bxf6 17. Bh6 Bg7 18. Bxg7 Kxg7 19. Rae1 h5 20. Qd1 Qb6 21. f4 Nf3+ 22. Kh1 Nxe1 23. Qxe1 Qxb2 24. f5 Rf6 25. Qe3 Qb6 26. Qg5 Qd8 27. Bf3 Qh8 28. g4 Qh6 29. Qh4 hxg4 30. Qxg4 Rh8 31. Bg2 Qh4 32. Qd1 gxf5 33. exf5 Qxc4 34. Qb1 Qf7 35. Rf3 Kf8 36. Rb3 b6 37. Bxc6 Rxf5 38. Bg2 Rh4 39. Rc3 Kg7 40. Qc1 Kf6 41. Rc7 Qh5 42. Qa3 Qd1+ 43. Kh2 Qd2 44. Qb3 d5 45. Qa3 Rb4 46. Rc6+ Kg7 47. Rc1 a5 48. Rc7+ Kh6 49. Rc6+ Kh5 50. Rc1 Rf2 51. Rg1 Rb2 0-1

[Event "ROM-ch (Women)"]
[Site "Targu Mures"]
[Date "2014.05.01"]
[Round "6"]
[White "Nastase, Andreea Cristina"]
[Black "Lolici, Iselin Amanda"]
[Result "0-1"]
[WhiteElo "1672"]
[BlackElo "1943"]
[PlyCount "104"]
[EventDate "2014.04.26"]
[EventType "swiss"]
[EventRounds "9"]
[EventCountry "ROU"]
[SourceTitle "CBM 160 Extra"]
[Source "ChessBase"]
[SourceDate "2014.07.01"]
[SourceVersion "1"]
[SourceVersionDate "2014.07.01"]
[SourceQuality "1"]

1. d4 Nf6 2. c4 g6 3. Nc3 Bg7 4. e4 d6 5. f3 0-0 6. Bg5 c5 7. d5 Na6 8. Qd2 Nc7 9. Bh6 a6 10. h4 Bxh6 11. Qxh6 e6 12. g4 exd5 13. cxd5 Qe7 14. 0-0-0 b5 15. Nh3 Re8 16. h5 b4 17. g5 Qf8 18. Qxf8+ Rxf8 19. gxf6 bxc3 20. b3 Ne8 21. hxg6 fxg6 22. f7+ Rxf7 23. Ng5 Re7 24. Bh3 Bxh3 25. Rxh3 a5 26. Kc2 a4 27. Kxc3 axb3 28. axb3 Rb8 29. Ne6 Reb7 30. Rb1 Rb4 31. Rh2 Ng7 32. Ng5 Nh5 33. Ne6 Ng7 34. Ng5 Nh5 35. Ne6 Nf6 36. Rhb2 Nd7 37. Re2 Nb6 38. Ra2 Na4+ 39. Kc2 c4 40. Ra3 h5 41. Nf4 Kf7 42. Rg1 cxb3+ 43. Kb1 Nc3+ 44. Kb2 Na4+ 45. Kb1 Rc8 46. Nd3 Rd4 47. Nc1 b2 48. Ne2 Rb4 49. Rd1 Ra8 50. Rad3 Rab8 51. Nd4 Rc4 52. Nc6 Rc1+ 0-1

[Event "ROM-ch (Women)"]
[Site "Targu Mures"]
[Date "2014.04.29"]
[Round "4"]
[White "Salim, Arzu"]
[Black "Lolici, Iselin Amanda"]
[Result "0-1"]
[WhiteElo "1536"]
[BlackElo "1943"]
[PlyCount "92"]
[EventDate "2014.04.26"]
[EventType "swiss"]
[EventRounds "9"]
[EventCountry "ROU"]
[SourceTitle "CBM 160 Extra"]
[Source "ChessBase"]
[SourceDate "2014.07.01"]
[SourceVersion "1"]
[SourceVersionDate "2014.07.01"]
[SourceQuality "1"]

1. e4 g6 2. d4 Bg7 3. Nc3 d6 4. f3 Nd7 5. Be3 c6 6. Qd2 b5 7. g4 b4 8. Nce2 Qa5 9. Ng3 Nb6 10. Rd1 Qxa2 11. Qxb4 Ba6 12. N1e2 Qe6 13. Nf4 Qc8 14. Bxa6 Qxa6 15. Kf2 Nf6 16. Ra1 Qc4 17. Qxc4 Nxc4 18. Bc1 Nd7 19. Nge2 0-0 20. b3 Ncb6 21. Bb2 a5 22. Ra3 c5 23. Rha1 cxd4 24. Bxd4 Bxd4+ 25. Nxd4 e5 26. Nxg6 hxg6 27. Nc6 Kg7 28. Nxa5 Rfc8 29. R3a2 Rc3 30. Nb7 Rac8 31. Rc1 Nc5 32. Nxd6 Nxb3 33. Rb1 Rxc2+ 34. Rxc2 Rxc2+ 35. Kg3 Rc3 36. h4 Nd7 37. Ne8+ Kf8 38. Nd6 Nd4 39. Rf1 Ke7 40. Nb7 Ne2+ 41. Kg2 Nf4+ 42. Kg3 Nf6 43. Kf2 Rc2+ 44. Kg1 Nd7 45. Ra1 Nb6 46. Ra7 Rc7 0-1

[Event "ROM-ch (Women)"]
[Site "Targu Mures"]
[Date "2014.04.28"]
[Round "3"]
[White "Lolici, Iselin Amanda"]
[Black "Didiliuc, Dariana Gabriela"]
[Result "1-0"]
[WhiteElo "1943"]
[BlackElo "1672"]
[PlyCount "69"]
[EventDate "2014.04.26"]
[EventType "swiss"]
[EventRounds "9"]
[EventCountry "ROU"]
[SourceTitle "CBM 160 Extra"]
[Source "ChessBase"]
[SourceDate "2014.07.01"]
[SourceVersion "1"]
[SourceVersionDate "2014.07.01"]
[SourceQuality "1"]

1. c4 Nf6 2. g3 g6 3. Bg2 Bg7 4. Nc3 0-0 5. e4 d6 6. Nge2 Nc6 7. 0-0 e5 8. d3 Nd4 9. h3 Be6 10. Be3 Nd7 11. f4 f5 12. Bxd4 exd4 13. Nb5 fxe4 14. Nbxd4 exd3 15. Nxe6 dxe2 16. Qxe2 Qe7 17. Bd5 Kh8 18. Qd2 c6 19. Nxf8 Nb6 20. Nxg6+ hxg6 21. Rae1 Qf6 22. Be6 Re8 23. f5 gxf5 24. Bxf5 Rd8 25. b3 d5 26. Rf4 dxc4 27. Qe2 Bf8 28. Rh4+ Bh6 29. Qh5 Kg7 30. Rg4+ Kf8 31. Rf1 Be3+ 32. Kh1 Rd5 33. Re4 Bh6 34. Qe8+ Kg7 35. Re7+ 1-0

[Event "ROM-ch (Women)"]
[Site "Targu Mures"]
[Date "2014.04.27"]
[Round "2"]
[White "Coman, Emilia Florentina"]
[Black "Lolici, Iselin Amanda"]
[Result "1-0"]
[WhiteElo "1724"]
[BlackElo "1943"]
[PlyCount "85"]
[EventDate "2014.04.26"]
[EventType "swiss"]
[EventRounds "9"]
[EventCountry "ROU"]
[SourceTitle "CBM 160 Extra"]
[Source "ChessBase"]
[SourceDate "2014.07.01"]
[SourceVersion "1"]
[SourceVersionDate "2014.07.01"]
[SourceQuality "1"]

1. d4 Nf6 2. Bg5 g6 3. Bxf6 exf6 4. c4 f5 5. Nc3 Bg7 6. e3 0-0 7. g3 d6 8. Bg2 Nc6 9. Nge2 Ne7 10. 0-0 g5 11. b4 Ng6 12. Qd2 f4 13. exf4 gxf4 14. Nxf4 Qg5 15. Nce2 c5 16. Rad1 cxd4 17. Nxg6 Qxg6 18. Nxd4 Bg4 19. f3 Bd7 20. Ne2 Ba4 21. Rc1 Rfd8 22. Nc3 Bc6 23. Nd5 Qh6 24. Qxh6 Bxh6 25. Ne7+ Kf8 26. Nxc6 Be3+ 27. Kh1 bxc6 28. Rc3 Bd2 29. Rb3 Rab8 30. Rd1 Bh6 31. f4 Rbc8 32. Ra3 Rc7 33. Ra6 c5 34. b5 Ke7 35. Be4 Bg7 36. Rd3 Bd4 37. Rda3 d5 38. Bxd5 Rxd5 39. cxd5 Rb7 40. Rxa7 Rxa7 41. Rxa7+ Kd6 42. b6 c4 43. Ra4 1-0

[Event "ROM-chT (Women)"]
[Site "Mamaia"]
[Date "2013.09.03"]
[Round "4.3"]
[White "Lolici, Iselin Amanda"]
[Black "Magarin, Semela Amara"]
[Result "1-0"]
[WhiteElo "1931"]
[BlackElo "1426"]
[PlyCount "120"]
[EventDate "2013.08.31"]
[EventType "team-tourn"]
[EventRounds "9"]
[EventCountry "ROU"]
[SourceTitle "CBM 156 Extra"]
[Source "ChessBase"]
[SourceDate "2013.10.22"]
[SourceVersion "1"]
[SourceVersionDate "2013.10.22"]
[SourceQuality "1"]
[WhiteTeam "Lugoj (W)"]
[BlackTeam "Tigru Mures (W)"]
[WhiteTeamCountry "ROU"]
[BlackTeamCountry "ROU"]

1. c4 e5 2. g3 Nf6 3. Bg2 d5 4. cxd5 Nxd5 5. Nc3 Be6 6. Nf3 Nc6 7. 0-0 Bd6 8. d4 exd4 9. Nxd4 Nxc3 10. Nxe6 Nxd1 11. Bxc6+ bxc6 12. Nxd8 Rxd8 13. Rxd1 0-0 14. Be3 Rfe8 15. Rac1 c5 16. Bxc5 Rxe2 17. Bxd6 cxd6 18. Rxd6 Rde8 19. Rb1 g6 20. a3 a5 21. b4 axb4 22. Rxb4 Ra8 23. a4 Ra5 24. Rf6 Kg7 25. Rff4 Ree5 26. Rb7 Rf5 27. Rxf5 gxf5 28. Rb4 Kg6 29. Kg2 f6 30. Kf3 Kg5 31. h4+ Kh5 32. Kf4 Kg6 33. Ke3 Re5+ 34. Kd3 Rc5 35. Rb5 Rc1 36. Ra5 Ra1 37. Ke3 Ra3+ 38. Kf4 Ra2 39. f3 Ra3 40. g4 fxg4 41. fxg4 Rb3 42. h5+ Kg7 43. Rb5 Ra3 44. a5 Ra1 45. g5 Rf1+ 46. Ke4 fxg5 47. Rxg5+ Kf6 48. Rb5 Rd1 49. a6 Ra1 50. Rb6+ Kg5 51. h6 Ra4+ 52. Kd5 Ra1 53. Kc6 Rc1+ 54. Kb5 Rb1+ 55. Kc6 Rf1 56. a7 Rf6+ 57. Kb5 Rf5+ 58. Ka6 Rf8 59. Rb8 Rf6+ 60. Kb5 Rf5+ 1-0